000 00286nam a22001097a 4500
008 180212b xxu||||| |||| 00| 0 eng d
245 _aRural school modernization.
260 _aPhilippines:
_bSun Star Davao,
_cc2017.
300 _apage 12.
650 0 _926363
_aSchools.
942 _2ddc
_cPER
999 _c8562
_d8562